| 000 | 00535nam a22001817a 4500 | ||
|---|---|---|---|
| 005 | 20240202120359.0 | ||
| 010 | _aENG-138858 | ||
| 020 |
_a978-81-7245-538-5 _c300.00 |
||
| 035 | _aEN-122390 | ||
| 037 | _bDBAD/PUB | ||
| 082 | _a808.4 | ||
| 100 |
_aPaul, D.S _961583 |
||
| 245 |
_aAdvance Writing Skills _cD.S Paul |
||
| 260 |
_aNew Delhi _bGoodwill Publishing House |
||
| 270 |
_bNew Delhi _aB-3, Rattan Jyoti, 18 Rajendra Place _e110008 |
||
| 300 |
_a343P, _c28cm(pbk) _bContents |
||
| 942 |
_2ddc _cEN _h808.4 _mPau |
||
| 999 |
_c200106 _d200106 |
||